Una familia de héroes, novela didáctica para los niños dedicada a hacer patria. Geografía. Historia. Moral. Civismo. Ciencias. Artes. Industria. Viajes. Costumbres. Descripciones.

Saved in:
Bibliographic Details
Main Author: Torres Quintero, Gregorio
Format: Book
Language:Spanish
Published: México, D. F. Sociedad de Ediciones y Librería Franco-Americana, S. A. 1925
Edition:8a. ed.
Textbook Catalogue:MANES:  Library Catalog Search Result
Textbook Classification:
Tags: Add Tag
No Tags, Be the first to tag this record!
Added to:2019-05-07
Changed in:2019-05-08

MARC

LEADER 00000nam a2200000 4500
005 20190508105804.0
008 190508b xxu||||| |||| 00| 0 spa d
040 |a centro_manes  |c universidad_colima 
100 |9 11245  |a Torres Quintero, Gregorio 
245 |a Una familia de héroes, novela didáctica para los niños dedicada a hacer patria. Geografía. Historia. Moral. Civismo. Ciencias. Artes. Industria. Viajes. Costumbres. Descripciones.  
250 |a 8a. ed. 
260 |a México, D. F.   |b Sociedad de Ediciones y Librería Franco-Americana, S. A.   |c 1925 
300 |a 312 p.   |c 19 cm.  |e ils. 
500 |a Aparece: Francisco Ziga, "Bibliografía Pedagógica. Libros de texto para enseñanza primaria: 1850-1970 VII y VIII. "Libros de Ciencias Naturales. Lecciones y Nociones de Cosas." en Boletín del Instituto de Investigaciones Bibliográficas 1981-1982, Biblioteca Nacional, Hemeroteca Nacional, Universidad Nacional Autónoma de México, Nos. 18 - 19, p. 402. 
690 0 |a CN 
691 0 |a PRI 
942 |2 ddc  |c BK 
999 |c 56449  |d 56449 
999 |c manes:56449  |d 56449